000 00431nam a22001817a 4500
005 20260406122419.0
008 260406b |||||||| |||| 00| 0 eng d
020 _a9788131253755
041 _aEnglish
082 _a340.59 SIN
100 _aSingh, Rakesh Kumar
245 _aTextbook on Muslim Law
250 _a3rd.
260 _aNew Delhi:
_bUniversal,
_c2018.
300 _a405 p.
650 _a Muslim Law
942 _cDB
999 _c9602
_d9602